Hán văn giáo khoa thư
Tallennettuna:
| Päätekijä: | |
|---|---|
| Aineistotyyppi: | Kirja |
| Kieli: | Undetermined |
| Julkaistu: |
Đà Nẵng
Nxb. Đà Nẵng
1997
|
| Aiheet: | |
| Tagit: |
Lisää tagi
Ei tageja, Lisää ensimmäinen tagi!
|
| Thư viện lưu trữ: | Trung tâm Học liệu Trường Đại học Cần Thơ |
|---|
| LEADER | 00521nam a2200169Ia 4500 | ||
|---|---|---|---|
| 001 | CTU_19529 | ||
| 008 | 210402s9999 xx 000 0 und d | ||
| 082 | |a 495.1 | ||
| 082 | |b Ng527/T2 | ||
| 100 | |a Võ Như Nguyện | ||
| 245 | 0 | |a Hán văn giáo khoa thư | |
| 245 | 0 | |c Võ Như Nguyện, Nguyễn Hồng Giao | |
| 260 | |a Đà Nẵng | ||
| 260 | |b Nxb. Đà Nẵng | ||
| 260 | |c 1997 | ||
| 650 | |a chinese language - study and teaching | ||
| 980 | |a Trung tâm Học liệu Trường Đại học Cần Thơ | ||